[Event "EOC-ch Playoff-B 2021"]
[Site "Online"]
[Date "2021.03.29"]
[Round "5.9"]
[White "Lagarde, Maxime"]
[Black "Vidit, Santosh Gujrathi"]
[Result "1/2-1/2"]
[WhiteElo "2640"]
[BlackElo "2726"]
[Annotator "TA"]
[PlyCount "83"]
[EventDate "2021.03.29"]
[EventType "team-tourn"]
[EventCountry "NET"]
[SourceTitle "playchess.com"]
[Source "ChessBase"]
[SourceQuality "1"]

{[%evp 9,83,-43,12,-7,0,-2,0,-8,3,-22,-9,-11,0,0,0,0,0,-26,0,-4,-10,-25,-16,-16,-15,-24,-20,-17,-11,-11,0,-7,9,0,0,0,0,0,0,0,0,0,0,0,0,0,0,-4,0,-11,-10,-66,0,0,0,0,0,0,-8,-20,0,0,0,0,0,-5,0,0,0,0,6,0,0,0,8,0]} 1. e4 e5 2. Nc3 Nf6 3. f4 d5 4. fxe5 Nxe4 5. Qf3 Nxc3 (5... f5 $15) 6. dxc3 {C29: Vienna Game: 2...Nf6 3 f4.} Be6 7. Bf4 {7.Qg3 is the hot move.} Nd7 8. O-O-O c6 9. Qg3 Qa5 {[#]} 10. Kb1 $146 ({Predecessor:} 10. a3 O-O-O 11. Nf3 Bxa3 12. bxa3 Nc5 13. Bd3 Qxc3 14. Ng5 Nb3+ {0-1 (14) De Seroux,C (2151)-Milonakis,G (2285) Heraklion 2019}) 10... h6 11. h4 O-O-O 12. Nf3 c5 13. Bd3 Nb6 14. b3 Nd7 15. Qe1 g6 16. c4 Qxe1 17. Rhxe1 Nb6 {[%cal Rd5c4]} 18. cxd5 Nxd5 19. Bd2 Be7 20. Be4 Nc7 21. Be3 Bd5 22. Bxd5 Rxd5 23. c4 Rxd1+ 24. Rxd1 Ne6 25. Kc2 h5 26. g3 Re8 27. Nd2 Ng7 28. Ne4 Nf5 29. Bf4 ({Not} 29. Bxc5 $2 Bxc5 30. Nxc5 Ne3+ 31. Kd2 Nxd1 $19) 29... Nd4+ 30. Kd3 ({White should play} 30. Kb2 $11) 30... b6 ({Black should try} 30... Rd8 $15 31. Ke3 Nc2+ {[%mdl 64] Discovered Attack} 32. Ke2 Rxd1 33. Kxd1 Nb4) 31. b4 $11 {The position is equal.} Ne6 32. bxc5 Bxc5 33. Nf6 Rd8+ 34. Nd5 $1 Kb7 35. Ke4 Kc6 36. a4 Rd7 37. Rf1 Kb7 38. Bd2 Bf8 39. Be3 Bc5 40. Bd2 Bf8 41. Be3 Bc5 42. Bd2 {An uneventful encounter.  Weighted Error Value: White=0.06/Black=0.07} 1/2-1/2

[Event "EOC-ch Playoff-B 2021"]
[Site "Online"]
[Date "2021.03.29"]
[Round "5.11"]
[White "Medvegy, Zoltan"]
[Black "Navara, David"]
[Result "0-1"]
[WhiteElo "2527"]
[BlackElo "2697"]
[Annotator "TA"]
[PlyCount "102"]
[EventDate "2021.03.29"]
[EventType "team-tourn"]
[EventCountry "NET"]
[SourceTitle "playchess.com"]
[Source "ChessBase"]
[SourceQuality "1"]

{[%evp 13,102,19,11,0,0,0,9,-14,-14,-23,-22,-22,-16,-16,-24,-25,-17,-18,-18,-22,-25,-12,-13,-13,-12,-10,0,0,0,-12,-8,-13,0,-9,0,-3,13,0,9,-8,-8,-8,-11,-133,-143,-125,-127,-127,-93,-129,-95,-122,-114,-239,-235,-227,-226,-343,-335,-316,-311,-255,-259,-405,-383,-397,-397,-622,-620,-614,-582,-551,-520,-458,-79,-153,-154,-233,-233,-2308,-1960,-2372,-2156,-4783,-3819,-29969,-29968,-29980,-29981,-29972,-5047]} 1. c4 e5 2. Nc3 Nf6 3. Nf3 Nc6 4. e3 Bb4 5. Qc2 Bxc3 6. Qxc3 Qe7 7. Be2 O-O 8. O-O {A28: English Opening: Four Knights Variation.} d5 9. d4 {[%cal Rf3e5]} Bg4 $5 {[%mdl 4] White must now prevent ...e4. An interesting side line.} 10. dxe5 {[#]The position is equal.} Nxe5 11. Nxe5 Bxe2 12. Re1 {[#]} Ne4 $1 {[#]} 13. Qd4 $146 ({Predecessor:} 13. Qc2 Qxe5 14. Qxe2 dxc4 15. Qxc4 Rad8 16. f3 Nc5 17. e4 Nd3 18. Re2 Rd7 19. Qb3 {0-1 (43) Kovacevic,B (2410)-Rogic,D (2492) Vinkovci 2020}) 13... Bxc4 14. Nxc4 dxc4 15. Qxc4 Rad8 16. f3 Nc5 ({Not} 16... Qh4 $2 17. Rf1 $18) 17. e4 Nd3 18. Re2 Nxc1 19. Rxc1 Rd6 {And now ...Rc6 would win.} 20. Qb3 c6 21. Rd1 Rfd8 22. Rxd6 Qxd6 $11 {[%mdl 4096] Endgame KQR-KQR} 23. g3 h5 24. Kg2 h4 (24... b6 {feels hotter.} 25. f4 c5 26. e5 Qd7 27. e6 fxe6 28. Rxe6 Kf8) 25. e5 Qd7 (25... h3+ {is interesting.} 26. Kxh3 Qh6+ 27. Kg2 Rd2 28. Rxd2 Qxd2+ 29. Kh3 Qh6+) 26. g4 Qd3 27. Qxd3 Rxd3 {KR-KR} 28. Kh3 (28. f4 $11) 28... g5 $17 ({But not} 28... Rxf3+ $6 29. Kxh4 Kf8 30. Kg5 $11) 29. e6 {Hoping for e7.} Kf8 ({Wrong is} 29... Rxf3+ $2 30. Kg2 $18) 30. exf7 Rxf3+ 31. Kg2 Rf4 32. h3 Kxf7 33. Re5 (33. b3 $17) 33... Kf6 $19 34. Re8 Rd4 35. Re2 (35. Rf8+ $142 Ke6 36. Re8+ Kf7 37. Re2) 35... Rd3 36. Rf2+ Kg6 37. Re2 a5 38. a4 (38. b3 {was worth a try.}) 38... Rg3+ 39. Kh2 Rb3 40. Re6+ (40. Kg2 $142) 40... Kf7 41. Re5 Rxb2+ 42. Kg1 b5 43. Rxg5 bxa4 $2 (43... Rb4 $19 {has better winning chances.} 44. Rf5+ Ke6) 44. Rxa5 $17 {[#]} Ra2 $1 45. Kf1 {[#]} (45. Ra7+ $17 Ke6 46. Ra6) 45... a3 $1 $19 46. Ke1 $2 (46. Ra7+ Kf6 47. Ra6) 46... c5 47. Kd1 c4 48. Kc1 c3 49. g5 Kg6 {Black mates.} 50. Rc5 Rh2 51. Kb1 Rxh3 {Weighted Error Value: White=0.67/Black=0.17} (51... c2+ $142 52. Rxc2 Rxc2 53. Kxc2 Kxg5 54. Kc3 Kf4 55. Kc2 Kg3 56. Kc3 Kxh3 57. Kc2 Kg4 58. Kb3 h3 59. Kxa3 Kf4 60. Kb4 h2 61. Kc5 Ke5 62. Kc4 h1=Q 63. Kc3 Qd5 64. Kc2 Kd4 65. Kb2 Kd3 66. Kb1 Qb7+ 67. Kc1 Qb8 68. Kd1 Qb1#) 0-1